Promenade à travers l'Amérique du Sud: Nouvelle Grenade, Équatteur, Pérou, Brésil. Ouvrage orné de ving et une gravures sur bois et de deux cartes géographiques.

Guardat en:
Dades bibliogràfiques
Autor principal: Gabriac, José Julio Pablo Conde de
Format: Llibre
Idioma:francès
Publicat: París, Francia Michel Lévy frères 1868
Matèries:
Etiquetes: Afegir etiqueta
Sense etiquetes, Sigues el primer a etiquetar aquest registre!

MARC

LEADER 00000nam a2200000 a 4500
001 UCJ4381
003 CL-VaPUC
005 20250227100119.0
008 070124e18680000FR |||||||||||||||||fre|d
999 |c 320497  |d 320495 
040 |c Pontificia Universidad Católica de Valparaíso 
082 0 4 |a 910.4 GAB 1868  |2 21 
100 0 |a Gabriac, José Julio Pablo Conde de  |9 507954 
245 1 0 |a Promenade à travers l'Amérique du Sud: Nouvelle Grenade, Équatteur, Pérou, Brésil. Ouvrage orné de ving et une gravures sur bois et de deux cartes géographiques. 
260 0 3 |a París, Francia  |b Michel Lévy frères  |c 1868 
300 |a 304 páginas. 
500 |a Ilustraciones y mapas 
583 |a last modification  |c 20070124 00:00:00  |k Rodrigo Vera 
650 0 |a Viajes  |9 257115 
650 7 |a FLORA Y FAUNA  |2 CL-VaPUC  |9 264745 
650 0 |a Aborígenes  |9 329972 
650 0 |a Caucho  |9 271595 
650 0 |a Arqueología   |9 265619 
650 0 |a Mapas  |9 260844 
651 0 |a Colombia  |9 256424 
651 0 |a Ecuador  |9 258378 
651 0 |a Perú  |9 256567 
651 0 |a Brasil  |9 267393 
942 |c BK  |2 ddc 
945 |d 20070124 00:00:00  |a rinostro 
952 |0 0  |1 0  |2 ddc  |4 0  |6 910_400000000000000_GAB_1868  |7 0  |8 X  |9 399032  |a FDOBUD  |b FDOBUD  |d 2019-11-22  |i 1017497  |o 910.4 GAB 1868  |p 1017497  |r 2019-11-22  |t 1  |w 2019-11-22  |y BK_X  |k BUD